[Event "Regular Quad, S40239"]
[Site "CCLA"]
[Date "2014.07.28"]
[Round "?"]
[White "Blankenship, Jerry T."]
[Black "McLaughlin, Ed"]
[Result "1-0"]
[WhiteElo "1599"]
[BlackElo "1561"]

1. e4 c5 2. Nf3 a6 3. d4 cxd4 4. Nxd4 Nf6 5. Nc3 e5 6. Nf3 Bb4 7. Bc4 Qc7 
8. Qd3 b5 9. Bb3 d6 10. Bd2 Bb7 11. Nd5 Bxd2+ 12. Nxd2 Nxd5 13. Bxd5 Nc6 
14. c3 Rd8 15. O-O O-O 16. Rfd1 Ne7 17. Bxb7 Qxb7 18. a4 Ng6 19. g3 d5 20.
 axb5 dxe4 21. Qxe4 Qxb5 22. Rab1 f5 23. Qc4+ Rd5 24. b4 Rd8 25. Qb3 Qe2 
26. Nf1 Ne7 27. Ne3 Qf3 28. Nxd5 Rxd5 29. Rxd5 Qxd5 30. Qxd5+ Nxd5 31. c4 
Nc3 32. Ra1 1-0

[Event "2014 Server Championship, S40029"]
[Site "CCLA"]
[Date "2014.01.27"]
[Round "?"]
[White "Galvin, John H."]
[Black "Anderson, Aaron J."]
[Result "1/2-1/2"]
[WhiteElo "2191"]
[BlackElo "2308"]

1. e4 c5 2. Nf3 a6 3. c3 e6 4. d4 d5 5. exd5 exd5 6. Be3 cxd4 7. Nxd4 Nf6 
8. Nd2 Bd6 9. Qa4+ Bd7 10. Bb5 O-O 11. Bxd7 Nbxd7 12. Nf5 Nc5 13. Qd4 Ne6 
14. Qa4 Bc7 15. O-O-O Re8 16. Rhe1 g6 17. Nd4 Nc5 18. Qc2 Ng4 19. Nf1 Nxe3
20. Nxe3 Bf4 21. Nf3 Qd7 22. Kb1 Bxe3 23. Rxe3 Rxe3 24. fxe3 Re8 25. c4 
Rxe3 26. cxd5 Qd6 27. h4 h5 28. Ng5 Re7 29. Qf2 1/2-1/2

[Event "Winter Server Series, S40041"]
[Site "CCLA"]
[Date "2014.01.27"]
[Round "?"]
[White "Gunning, Edward E."]
[Black "Acosta, Errol"]
[Result "1-0"]
[WhiteElo "1350"]
[BlackElo "1365"]

1. e4 c5 2. Bc4 Nc6 3. Nf3 h6 4. O-O e5 5. b3 Nf6 6. d3 d6 7. Na3 Be7 8. 
Bd2 O-O 9. Nh4 Nd4 10. c3 Ne6 11. Bd5 Nxd5 12. exd5 Bxh4 13. dxe6 fxe6 14.
 f4 exf4 15. Bxf4 d5 16. c4 d4 17. Qe2 Bf6 18. Nb5 a6 19. Nc7 Ra7 20. Nxe6
Bxe6 21. Qxe6+ Kh8 22. Qg4 b5 23. Rf3 b4 24. Rh3 Raf7 25. Rh5 Be7 26. g3 
Kh7 27. Re1 g5 28. Re6 Bf6 29. Qf5+ Kg7 30. Be5 Rh8 31. h4 Bxe5 32. Qxe5+ 
Rf6 33. hxg5 hxg5 34. Rxg5+ Kf7 35. Rf5 Rh6 36. g4 Rxf5 37. Qxf5+ Rf6 38. 
Rxf6+ Qxf6 39. Qxf6+ Kxf6 40. Kg2 Kg6 41. Kg3 Kg5 42. Kh3 Kg6 43. Kh4 Kh6 
44. g5+ Kg6 45. Kg4 Kg7 46. Kh5 Kh7 47. g6+ Kg7 48. Kg5 Kg8 49. Kf6 Kf8 
50. g7+ Kg8 51. Ke5 Kxg7 52. Kd5 Kf7 53. Kxc5 a5 54. Kxd4 Ke7 55. Kd5 Kd7 
56. d4 Kc7 57. c5 Kd7 58. c6+ Kc7 59. Kc5 Kc8 60. d5 Kc7 61. d6+ Kc8 62. 
Kb6 Kb8 63. d7 1-0

[Event "Regular Quad, S40349"]
[Site "CCLA"]
[Date "2014.10.13"]
[Round "?"]
[White "Gunning, Edward E."]
[Black "Acosta, Errol"]
[Result "1-0"]
[WhiteElo "1350"]
[BlackElo "1365"]

1. e4 c5 2. Bc4 Nc6 3. Nf3 d6 4. d3 Ne5 5. Na3 Bg4 6. Bb5+ Nc6 7. Bxc6+ 
bxc6 8. Bd2 Nf6 9. Qe2 e5 10. h3 Bh5 11. g4 Bg6 12. O-O-O Be7 13. Nc4 Rb8 
14. b3 O-O 15. Bg5 h6 16. Bh4 a5 17. Qd2 d5 18. Ncxe5 Qb6 19. Bxf6 Bxf6 
20. Nd7 Qd8 21. Nxb8 Qxb8 22. Qxa5 Qf4+ 23. Nd2 Qe5 24. c3 Bd8 25. Qxc5 
Be7 26. Qxc6 Ba3+ 27. Kc2 Rd8 28. b4 d4 29. c4 Bxb4 30. Qb6 Ba5 31. Nf3 
Qc7 32. Qxc7 Bxc7 33. Nh4 Bh7 34. a4 Ba5 35. f3 Bc3 36. Ra1 Bxa1 37. Rxa1 
g5 38. Nf5 Bxf5 39. gxf5 Rb8 40. a5 Kf8 41. a6 Ke7 42. a7 Ra8 43. Ra5 h5 
44. c5 Kd7 45. e5 Kc6 46. e6 1-0

[Event "Winter Server Series, S40041"]
[Site "CCLA"]
[Date "2014.01.27"]
[Round "?"]
[White "Cain, Larry F."]
[Black "Simonson, Jay"]
[Result "0-1"]
[WhiteElo "1267"]
[BlackElo "1364"]

1. e4 c5 2. Bc4 Nc6 3. Nf3 Nf6 4. d3 d6 5. a3 h6 6. O-O Bg4 7. Bf4 g5 8. 
Bg3 Bxf3 9. Qxf3 Nd4 10. Qd1 Bg7 11. c3 Nc6 12. Nd2 Qb6 13. Rb1 Ne5 14. 
Bxe5 dxe5 15. h3 O-O 16. b3 Nh5 17. Qxh5 Qf6 18. b4 Rad8 19. Bd5 b6 20. 
Rbd1 a6 21. Nf3 e6 22. Bc4 cxb4 23. cxb4 g4 24. Qxg4 b5 25. Bb3 Rd6 26. 
Rd2 Rc8 27. Bc2 Qg6 28. Qxg6 fxg6 29. Rc1 h5 30. Rdd1 Bh6 31. Nd2 Rc3 32. 
Nb1 Bxc1 33. Nxc3 Bxa3 34. Na2 Kg7 35. Kf1 Bb2 36. Ke2 Bd4 37. Kf1 Rd8 38.
 Nc1 Rf8 39. f3 Rc8 40. Bb3 Rc6 41. Ne2 Bb2 42. Kg1 Ba3 43. Rb1 Bxb4 44. 
Bxe6 Bc5+ 45. Kh1 Rxe6 46. Rc1 Be3 47. Rc7+ Kf6 48. Nc3 Rd6 49. Nd5+ Kg5 
50. g3 a5 51. h4+ Kh6 52. Ra7 Bxa7 53. Kg2 b4 54. Kf1 b3 55. Ke2 b2 56. 
Nc3 Rc6 0-1

[Event "Premier Quad, S40229"]
[Site "CCLA"]
[Date "2014.07.21"]
[Round "?"]
[White "Richardson, Ryan M."]
[Black "Silverman, Robert"]
[Result "0-1"]
[WhiteElo "1689"]
[BlackElo "1871"]

1. e4 c5 2. Nf3 Nc6 3. Bb5 e6 4. O-O Nge7 5. b3 Ng6 6. Bb2 Qb6 7. Bxc6 
Qxc6 8. d3 d5 9. Nbd2 f6 10. Re1 Be7 11. exd5 exd5 12. d4 O-O 13. dxc5 
Bxc5 14. c4 Qb6 15. Rf1 Bf5 16. Ne1 Qe6 17. cxd5 Qxd5 18. Nc4 Qxd1 19. 
Rxd1 Rfd8 20. Nf3 Bd3 21. Rfe1 Bb4 22. Ncd2 Bc2 23. Ra1 Nf4 24. Nc4 Bxe1 
25. Nxe1 Rd1 26. Rxd1 Bxd1 27. g3 Nd5 28. Ne3 Nxe3 29. fxe3 Re8 30. Kf2 
Kf7 31. Bd4 Re6 32. Nd3 b6 33. Nb2 Bg4 34. Na4 g5 35. Nc3 h5 36. Nb5 Rc6 
37. Nc3 Kg6 38. Ke1 f5 39. Kd2 Rd6 40. Nb5 Rd7 41. Nc3 Bh3 42. Ke2 f4 43. 
Kf3 Bg4+ 44. Ke4 f3 45. Nd1 Rc7 0-1

[Event "Summer Server Series, S40051"]
[Site "CCLA"]
[Date "2014.07.28"]
[Round "?"]
[White "Sereni, Vincent T."]
[Black "Holmes, Ross A."]
[Result "1/2-1/2"]
[WhiteElo "2118"]
[BlackElo "2114"]

1. e4 c5 2. Nf3 Nc6 3. Bb5 e6 4. O-O Nge7 5. d4 cxd4 6. Nxd4 Qb6 7. Nxc6 
dxc6 8. Bd3 Ng6 9. Nd2 Qc7 10. a4 a5 11. Nc4 Bc5 12. e5 O-O 13. Bxg6 fxg6 
14. Be3 Bxe3 15. fxe3 Rxf1+ 16. Qxf1 b6 17. Nd6 Ba6 18. c4 Rf8 19. Qd3 c5 
20. Qe4 Qd8 21. b3 Bc8 22. Rf1 Rxf1+ 23. Kxf1 Bd7 24. h4 h6 25. Kf2 g5 26.
 h5 Qf8+ 27. Ke2 Qd8 28. Qf3 Qe7 29. Qb7 Qd8 30. g4 Kh7 31. Qf3 Qb8 
1/2-1/2

[Event " NA Class A Server Championship, S40109"]
[Site "CCLA"]
[Date "2014.04.30"]
[Round "?"]
[White "Sereni, Vincent T."]
[Black "Ramsden, Jim E."]
[Result "1-0"]
[WhiteElo "2118"]
[BlackElo "1836"]

1. e4 c5 2. Nf3 Nc6 3. Bb5 e6 4. O-O Nge7 5. Be2 d5 6. exd5 Nxd5 7. d4 Be7
8. c4 Nf6 9. Be3 Ng4 10. d5 Nxe3 11. fxe3 Nb8 12. Nc3 O-O 13. e4 exd5 14. 
cxd5 Bg4 15. e5 Bxf3 16. Bxf3 Nd7 17. Qe2 Bg5 18. Rae1 Re8 19. e6 fxe6 20.
 dxe6 Nf8 21. Bxb7 Rb8 22. Bc6 Qd4+ 23. Kh1 Rec8 24. e7 Bxe7 25. Qxe7 Rxc6
26. Qf7+ 1-0

[Event " Herbert W. Gustafson Memorial Open, S47109"]
[Site "CCLA"]
[Date "2014.10.27"]
[Round "?"]
[White "Hadley, Douglas R."]
[Black "Zarges, Ron V."]
[Result "1/2-1/2"]
[WhiteElo "1576"]
[BlackElo "1651"]

1. e4 c5 2. Nf3 Nc6 3. Bb5 g6 4. O-O Bg7 5. c3 Nf6 6. Re1 O-O 7. d4 Qb6 8.
 Bxc6 bxc6 9. dxc5 Qxc5 10. Be3 Qa5 11. Nbd2 d6 12. Qc2 Qc7 13. Rad1 e6 
14. h3 Ba6 15. Nb3 e5 16. Rd2 Bc4 17. Nc1 d5 18. exd5 Bxd5 19. Qd1 Ne4 20.
 Rxd5 cxd5 21. Qxd5 Nf6 22. Qxe5 Qxe5 23. Nxe5 Nd5 24. Bd4 a5 25. Ncd3 
Rfe8 26. Kf1 f6 27. Nf3 Kf7 28. Re2 Rxe2 29. Kxe2 Bf8 30. Kd2 Rc8 31. a4 
Bd6 32. g3 Ke6 33. Kc2 Nb4+ 34. Kd2 Nd5 35. Kc2 Nb4+ 36. Kd2 Nd5 37. Kc2 
1/2-1/2

[Event "Open Server Series, S40209"]
[Site "CCLA"]
[Date "2014.06.13"]
[Round "?"]
[White "Ramsden, Jim E."]
[Black "Catania, Duane"]
[Result "1-0"]
[WhiteElo "1836"]
[BlackElo "1774"]

1. e4 c5 2. Nf3 Nc6 3. d4 cxd4 4. Nxd4 Qb6 5. Nb3 Nf6 6. Nc3 d6 7. Be2 g6 
8. Be3 Qd8 9. f3 Bg7 10. Qd2 a6 11. O-O O-O 12. Rad1 Re8 13. Nd4 Bd7 14. 
a4 Rc8 15. f4 Na5 16. e5 Ng4 17. e6 Nxe3 18. exd7 Qxd7 19. Qxe3 e5 20. Nf3
exf4 21. Qd2 Nc6 22. Rfe1 Qc7 23. Nd5 Qb8 24. c3 Qa7+ 25. Kf1 Ne5 26. Qxf4
Nxf3 27. Bxf3 Rxe1+ 28. Rxe1 Rd8 29. Re7 Be5 30. Qxf7+ 1-0

[Event "Herbert W. Gustafson Memorial Open, S47039"]
[Site "CCLA"]
[Date "2014.10.27"]
[Round "?"]
[White "Quanzaah, Emmanuel"]
[Black "Quirk, Michael"]
[Result "1-0"]
[WhiteElo "2160"]
[BlackElo "2205"]

1. e4 c5 2. Nf3 Nc6 3. d4 cxd4 4. Nxd4 Qb6 5. Nb3 Nf6 6. Nc3 e6 7. Bd3 d6 
8. Be3 Qc7 9. f4 a6 10. Qf3 Be7 11. g4 b5 12. g5 Nd7 13. O-O-O Nb6 14. Kb1
Na4 15. Ne2 Bd7 16. h4 O-O-O 17. Ned4 Kb8 18. Rc1 Rc8 19. c4 b4 20. Rhg1 
Nc5 21. Bc2 Nxb3 22. Nxb3 Na5 23. Nxa5 Qxa5 24. b3 Bc6 25. Rcd1 g6 26. Qf2
Kb7 27. f5 Rc7 28. f6 Bf8 29. Qd2 Rd7 30. Rh1 Rg8 31. a4 Ka8 32. Rc1 Kb7 
33. Rh2 Ka8 34. h5 gxh5 35. Rxh5 h6 36. Rg1 hxg5 37. Rhxg5 Rxg5 38. Rxg5 
e5 39. Qf2 Kb7 40. Rg8 Rd8 41. Qh4 Qc7 42. a5 Re8 43. Qh7 Qd7 44. Kb2 Qe6 
45. Qh4 Qc8 46. Bd1 Bd7 47. Qe1 Ka8 48. Qxb4 d5 49. Rxf8 Rxf8 50. exd5 Rg8
51. Qd6 Rg2+ 52. Kc3 Rg3 53. Qxe5 Rh3 54. Qe7 Qb7 55. Bc2 Bc8 56. Qe8 Qd7 
57. Qe5 Qa7 58. Kd2 Qb8 59. Qe7 Qb7 60. d6 Rh2+ 61. Kc3 Rh3 62. Kb2 Qxe7 
63. dxe7 Rxe3 64. Bg6 fxg6 65. f7 1-0

[Event "Regular Quad, S40429"]
[Site "CCLA"]
[Date "2014.12.12"]
[Round "?"]
[White "Williams, Rufus H."]
[Black "Acosta, Errol"]
[Result "1-0"]
[WhiteElo "1222"]
[BlackElo "1365"]

1. e4 c5 2. Nf3 Nc6 3. d4 cxd4 4. Nxd4 Nf6 5. Nc3 e5 6. Nf5 d6 7. Bc4 Bxf5
8. exf5 Nd4 9. O-O Nxf5 10. Nd5 Nxd5 11. Qxd5 Qd7 12. Re1 Nd4 13. Bg5 Rc8 
14. Qxf7+ Qxf7 15. Bxf7+ Kxf7 16. Rac1 Rxc2 17. Rxc2 Nxc2 18. Rc1 Nd4 19. 
Rc7+ Kg6 20. Be3 Kf6 21. Kf1 Be7 22. Rxb7 Rc8 23. g3 a5 24. Bg5+ Kg6 25. 
Bxe7 d5 26. Rb6+ Kf5 27. Kg2 e4 28. Rb7 Rc2 29. Bd8 e3 30. Rf7+ Kg6 31. 
Rf8 Rxb2 32. Bxa5 Nf5 33. Be1 Rxa2 34. Kf3 Ra3 35. fxe3 Rxe3+ 36. Kf2 d4 
37. Rd8 d3 38. Ba5 Re2+ 39. Kf3 Rxh2 40. Rxd3 Rh3 41. Bc7 h5 42. Kg2 Nxg3 
43. Bxg3 Rxg3+ 44. Kxg3 Kg5 45. Rd5+ Kh6 46. Kh4 g6 47. Rc5 Kh7 48. Kg5 
1-0

[Event "Herbert W. Gustafson Memorial Open, S47039"]
[Site "CCLA"]
[Date "2014.10.27"]
[Round "?"]
[White "Quanzaah, Emmanuel"]
[Black "Galvin, John H."]
[Result "1-0"]
[WhiteElo "2160"]
[BlackElo "2191"]

1. e4 c5 2. Nf3 Nc6 3. d4 cxd4 4. Nxd4 Nf6 5. Nc3 e5 6. Ndb5 d6 7. Bg5 a6 
8. Na3 b5 9. Nd5 Be7 10. Bxf6 Bxf6 11. c4 b4 12. Nc2 O-O 13. g3 Be6 14. 
Bg2 Bxd5 15. cxd5 Nd4 16. Nxd4 exd4 17. Qd3 Qb6 18. Bh3 Rfd8 19. O-O Qb5 
20. Rfd1 Qxd3 21. Rxd3 a5 22. Kf1 Re8 23. f3 g6 24. Rc1 Rad8 25. Rc7 h5 
26. Ke2 Bg7 27. Kf2 h4 28. Rd2 hxg3+ 29. hxg3 Bf6 30. Ke2 Re5 31. Ra7 Rg5 
32. g4 Re5 33. Kd3 Re7 34. Rxa5 Be5 35. Rf2 g5 36. Bf1 Rb7 37. Ra6 Rdb8 
38. Be2 Rc7 39. Rf1 Kg7 40. Rb1 Rcc8 41. Bd1 Rb7 42. Bb3 Rh8 43. Rc6 Rbb8 
44. Rf1 Ra8 45. Rc4 Rh2 46. Rc2 1-0

[Event "Regular Quad, S40249"]
[Site "CCLA"]
[Date "2014.08.08"]
[Round "?"]
[White "Miner, David"]
[Black "Eife, Gunter"]
[Result "1-0"]
[WhiteElo "1619"]
[BlackElo "1448"]

1. e4 c5 2. Nf3 Nc6 3. d4 cxd4 4. Nxd4 Nf6 5. Nc3 e5 6. Ndb5 d6 7. Bg5 a6 
8. Na3 b5 9. Nd5 Be7 10. Bxf6 Bxf6 11. c3 Be6 12. Nc2 Bxd5 13. Qxd5 Qc7 
14. Nb4 1-0

[Event "Herbert W. Gustafson Memorial Open, S47069"]
[Site "CCLA"]
[Date "2014.10.27"]
[Round "?"]
[White "Cacas, Alexander"]
[Black "Price, Brennan"]
[Result "0-1"]
[WhiteElo "1886"]
[BlackElo "1852"]

1. e4 c5 2. Nf3 Nc6 3. d4 cxd4 4. Nxd4 Nf6 5. Nc3 e5 6. Ndb5 d6 7. Bg5 a6 
8. Na3 b5 9. Nd5 Be7 10. Bxf6 Bxf6 11. c3 Bg5 12. Nc2 Rb8 13. a3 O-O 14. 
Be2 Ne7 15. Ncb4 f5 16. Nxe7+ Bxe7 17. Nc6 Qc7 18. Nxb8 Qxb8 19. Bd3 Bb7 
20. Qe2 fxe4 21. Bxe4 d5 22. Bc2 e4 23. O-O Qe5 24. Rae1 Bd6 25. g3 Bc5 
26. Kg2 Rf3 27. Bd1 Qf5 28. Qd2 d4 29. Kg1 Rd3 30. Qc2 dxc3 31. bxc3 e3 
32. g4 Qe4 33. f3 e2+ 0-1

[Event "Herbert W. Gustafson Memorial Open, S47069"]
[Site "CCLA"]
[Date "2014.10.27"]
[Round "?"]
[White "Ragan, Anthony"]
[Black "Price, Brennan"]
[Result "0-1"]
[WhiteElo "1900"]
[BlackElo "1852"]

1. e4 c5 2. Nf3 Nc6 3. d4 cxd4 4. Nxd4 Nf6 5. Nc3 e5 6. Ndb5 d6 7. Bg5 a6 
8. Na3 b5 9. Nd5 Be7 10. Bxf6 Bxf6 11. c3 O-O 12. Nc2 Bg5 13. a4 bxa4 14. 
Rxa4 a5 15. Bc4 Rb8 16. b3 Kh8 17. O-O f5 18. Re1 fxe4 19. Rxe4 Bf5 20. 
Re1 Bg6 21. Nce3 Qd7 22. Qe2 Bh4 23. g3 Bg5 24. h4 Bxe3 25. Qxe3 Bh5 26. 
Rf1 Bf3 27. Kh2 e4 28. Nf4 Ne5 29. Be6 Qe8 30. Rfa1 Rxf4 31. Qxf4 Qxe6 32.
 Rxa5 Qxb3 33. Ra8 h5 34. R8a7 Ng4+ 35. Kg1 Qb2 0-1

[Event "Herbert W Gustafson Memorial, S47129"]
[Site "CCLA"]
[Date "2014.10.27"]
[Round "?"]
[White "Strelecky, Rich"]
[Black "Miner, David"]
[Result "0-1"]
[WhiteElo "1584"]
[BlackElo "1619"]

1. e4 c5 2. Nf3 Nc6 3. d4 cxd4 4. Nxd4 Nf6 5. Nc3 e5 6. Ndb5 d6 7. Bg5 a6 
8. Na3 b5 9. Bxf6 gxf6 10. Nd5 f5 11. Qf3 Nd4 12. Qc3 Be6 13. Nc7+ Ke7 14.
 Nxa8 Qxa8 15. exf5 Bxf5 16. O-O-O Bh6+ 17. Kb1 Rc8 18. Qg3 Nxc2 19. Bd3 
Rg8 20. Qf3 Nxa3+ 21. bxa3 Qxf3 22. gxf3 Bh3 23. Rhg1 Rh8 24. a4 bxa4 25. 
Bxa6 Bf4 26. Kc2 Be6 27. Kb2 a3+ 28. Ka1 e4 29. fxe4 Rb8 30. Rd4 Be5 31. 
Rd1 Rb4 0-1

[Event " NA Class A Server Championship, S40109"]
[Site "CCLA"]
[Date "2014.04.30"]
[Round "?"]
[White "Cacas, Alexander"]
[Black "Ramsden, Jim E."]
[Result "1-0"]
[WhiteElo "1886"]
[BlackElo "1836"]

1. e4 c5 2. Nf3 Nc6 3. d4 cxd4 4. Nxd4 Nf6 5. Nc3 e5 6. Ndb5 d6 7. Bg5 a6 
8. Na3 b5 9. Bxf6 gxf6 10. Nd5 f5 11. c3 Bg7 12. Bd3 Ne7 13. Nxe7 Qxe7 14.
 Nc2 f4 15. Qe2 O-O 16. Qh5 Qf6 17. O-O Qg6 18. Qxg6 fxg6 19. f3 Be6 20. 
a4 Bc4 21. Bxc4+ bxc4 22. Nb4 Rfb8 23. Rf2 Bf8 24. Rd2 a5 25. Nd5 Rb3 26. 
Nc7 Rab8 27. Nb5 Rd8 28. Rb1 Kf7 29. Rd5 Rd7 30. Kf2 Ke6 31. Ke2 g5 32. 
Kd2 Rb7 33. Kc2 Rb6 34. Na3 1-0

[Event "Open Server Series, S40209"]
[Site "CCLA"]
[Date "2014.06.13"]
[Round "?"]
[White "Fausey, Verna M."]
[Black "Ramsden, Jim E."]
[Result "1-0"]
[WhiteElo "1747"]
[BlackElo "1836"]

1. e4 c5 2. Nf3 Nc6 3. d4 cxd4 4. Nxd4 Nf6 5. Nc3 e5 6. Ndb5 d6 7. Bg5 a6 
8. Na3 b5 9. Bxf6 gxf6 10. Nd5 f5 11. exf5 Bxf5 12. c3 Bg7 13. Nc2 O-O 14.
 a4 Ne7 15. Bd3 Be6 16. Nxe7+ Qxe7 17. Qh5 f5 18. axb5 e4 19. Be2 axb5 20.
 Bxb5 Rxa1+ 21. Nxa1 Rb8 22. Qe2 Qb7 23. c4 d5 24. O-O d4 25. Qd2 d3 26. 
Nb3 Qb6 27. Ra1 Qc7 28. Na5 Bd7 29. Bxd7 Qxd7 30. Ra2 Qc7 31. b4 h6 32. g3
Bf8 33. c5 Rb5 34. Ra4 Kh7 35. Nc4 Be7 36. Qc3 Bxc5 37. bxc5 Rxc5 38. Qa3 
Kg6 39. Ra6+ Kh5 40. Qa4 1-0

[Event "Winter Server Series, S40011"]
[Site "CCLA"]
[Date "2014.01.27"]
[Round "?"]
[White "Sereni, Vincent T."]
[Black "Shnaiderman, Lazar"]
[Result "1/2-1/2"]
[WhiteElo "2118"]
[BlackElo "2026"]

1. e4 c5 2. Nf3 g6 3. Nc3 Bg7 4. d4 cxd4 5. Nxd4 Nc6 6. Be3 Nf6 7. Nxc6 
bxc6 8. e5 Ng8 9. f4 f6 10. Bd4 Qa5 11. Qe2 c5 12. Bf2 fxe5 13. fxe5 Rb8 
14. O-O-O d6 15. exd6 Rxb2 16. Nd5 Rb4 17. Rd3 Bb2+ 18. Kd1 Bg4 19. Rf3 
Qxa2 20. Nxb4 Qb1+ 21. Kd2 Bc1+ 22. Kd3 Qxb4 23. Qe4 Qd2+ 24. Kc4 Bxf3 25.
 gxf3 Qb4+ 26. Kd3 Qd2+ 27. Kc4 Qb4+ 1/2-1/2

[Event "Summer Server Series, S40061"]
[Site "CCLA"]
[Date "2014.07.28"]
[Round "?"]
[White "Fausey, Verna M."]
[Black "Anderson, Clarence"]
[Result "1-0"]
[WhiteElo "1747"]
[BlackElo "1798"]

1. e4 c5 2. Nf3 g6 3. d4 cxd4 4. Nxd4 Bg7 5. Nc3 Nc6 6. Be3 Nf6 7. Nxc6 
bxc6 8. e5 Ng8 9. Bd4 Qa5 10. Bc4 Bxe5 11. O-O Nh6 12. Re1 Bxd4 13. Qxd4 
O-O 14. Qf4 Nf5 15. g4 Ng7 16. Rxe7 d5 17. Bd3 Be6 18. Rb7 Bc8 19. Re7 Ne6
20. Qd6 Nd8 21. g5 Be6 22. Re1 Qb6 23. b3 Qd4 24. Ne4 Qg7 25. Nf6+ Kh8 26.
 Re8 Nb7 27. Qe7 Raxe8 28. Nxe8 Rxe8 29. Qxe8+ Qg8 30. Qxc6 Qb8 31. a3 Nd6
32. c4 Qd8 33. Kh1 dxc4 34. bxc4 Bc8 35. Qc5 Bb7+ 36. Kg1 Qd7 37. Re3 Qg4+
38. Rg3 Qd1+ 39. Bf1 Kg8 40. Qxa7 Be4 41. Qd7 Bf5 42. Qd8+ Kg7 43. c5 1-0

[Event "Premier Quad, S40339"]
[Site "CCLA"]
[Date "2014.10.13"]
[Round "?"]
[White "Vecchio, Ralph"]
[Black "Anderson, Clarence"]
[Result "0-1"]
[WhiteElo "1815"]
[BlackElo "1798"]

1. e4 c5 2. Nf3 g6 3. d4 cxd4 4. Nxd4 Bg7 5. Nc3 Nc6 6. Be3 Nf6 7. Be2 O-O
8. O-O d5 9. exd5 Nxd5 10. Nxd5 Qxd5 11. Bf3 Qa5 12. Nxc6 bxc6 13. c3 Ba6 
14. Re1 Rfd8 15. Qc2 Bd3 16. b4 Qa3 17. Qb3 Qxb3 18. axb3 Bxc3 19. Bxc6 
Bxe1 20. Bxa8 Bxb4 21. Bf3 a6 22. Rd1 Ba5 23. Ra1 Bc7 24. g3 Rb8 25. Rc1 
Bd6 26. Rc3 Bb5 27. Bd5 e6 28. Bf3 Be5 29. Rc1 Bd3 30. Bh6 Bb2 31. Rc7 Be5
32. Re7 Bf6 33. Rb7 Rxb7 34. Bxb7 Bg7 35. Bxg7 Kxg7 36. Kg2 a5 37. Bc6 Bc2
38. Ba4 Be4+ 39. f3 Bd5 40. Kf2 Kf6 41. Ke3 Ke7 42. f4 Kd6 43. Kd4 f6 44. 
Ke3 Bc6 45. Kd4 Bxa4 46. bxa4 e5+ 47. fxe5+ fxe5+ 48. Ke4 Kc5 49. Kxe5 Kb4
0-1

[Event " NA Class A Server Championship, S40109"]
[Site "CCLA"]
[Date "2014.04.30"]
[Round "?"]
[White "Calkins, Donn"]
[Black "Bapple, Edward C."]
[Result "1-0"]
[WhiteElo "1938"]
[BlackElo "1979"]

1. c4 c5 2. Nf3 g6 3. d4 cxd4 4. Nxd4 Nc6 5. e4 Nf6 6. Nc3 d6 7. Be2 Nxd4 
8. Qxd4 Bg7 9. Bg5 O-O 10. Qd2 b6 11. O-O Bb7 12. f3 Rc8 13. Rfd1 Re8 14. 
b4 Nd7 15. Rac1 Ne5 16. Nd5 Nc6 17. f4 Qd7 18. e5 Qe6 19. b5 Nb8 20. Nxe7+
Rxe7 21. Bxe7 Qxe7 22. Bg4 Rd8 23. c5 bxc5 24. Rxc5 Bf8 25. Rc3 d5 26. Qd4
a6 27. Qb6 Qh4 28. h3 h5 29. Qxb7 hxg4 30. bxa6 gxh3 31. Rxh3 Qg4 32. Rb1 
Nxa6 33. Qxa6 Qxf4 34. e6 Re8 35. exf7+ Qxf7 36. a4 Bc5+ 37. Kh1 1-0

[Event "Premier Quad, S40479"]
[Site "CCLA"]
[Date "2014.12.31"]
[Round "?"]
[White "Stroup, Jim"]
[Black "Klimushyn, Charles"]
[Result "1-0"]
[WhiteElo "1768"]
[BlackElo "1648"]

1. e4 c5 2. Nf3 g6 3. c4 Nc6 4. d4 cxd4 5. Nxd4 Nf6 6. Nc3 d6 7. Be2 Nxd4 
8. Qxd4 Bg7 9. Be3 O-O 10. Qd2 Ng4 11. Bxg4 Bxg4 12. Bd4 Be6 13. O-O Bxc4 
14. Bxg7 1-0

[Event "Winter Server Series, S40021"]
[Site "CCLA"]
[Date "2014.01.27"]
[Round "?"]
[White "Branton, Gary"]
[Black "Disque, Philip"]
[Result "1-0"]
[WhiteElo "1856"]
[BlackElo "1669"]

1. Nf3 c5 2. c4 g6 3. d4 cxd4 4. Nxd4 Nc6 5. e4 Nf6 6. Nc3 d6 7. Be2 Nxd4 
8. Qxd4 Bg7 9. Be3 O-O 10. Qd2 Be6 11. Rc1 Qa5 12. f3 Rfc8 13. b3 Nd7 14. 
Nd5 Qd8 15. O-O a5 16. Bh6 Bh8 17. g4 Nb6 18. Kg2 Nxd5 19. cxd5 Bd7 20. h4
b5 21. h5 b4 22. Rc4 Rxc4 23. Bxc4 Rc8 24. Rh1 Rc7 25. Kf1 Qc8 26. hxg6 
fxg6 27. Qh2 Be8 28. Bf4 h5 29. gxh5 gxh5 30. Rg1+ Kh7 31. Qg3 Bf7 32. Qg5
Qf8 33. Qf5+ 1-0

[Event "2014 Server Championship, S40029"]
[Site "CCLA"]
[Date "2014.01.27"]
[Round "?"]
[White "Horwitz, Daniel M."]
[Black "Shnaiderman, Lazar"]
[Result "1-0"]
[WhiteElo "2335"]
[BlackElo "2026"]

1. e4 c5 2. Nf3 g6 3. c4 Nc6 4. d4 cxd4 5. Nxd4 Nf6 6. Nc3 d6 7. Be2 Nxd4 
8. Qxd4 Bg7 9. Be3 O-O 10. Qd2 Be6 11. O-O Qa5 12. Rab1 Rfc8 13. b3 a6 14.
 Rfc1 Rab8 15. f3 Qb4 16. Rc2 Qa5 17. Bd4 Ra8 18. Kh1 Qb4 19. Bf1 Rc7 20. 
a3 Qa5 21. b4 Qh5 22. g4 Nxg4 23. fxg4 Qxg4 24. Bxg7 1-0

[Event "NA Class B Server Championship, S40119"]
[Site "CCLA"]
[Date "2014.04.30"]
[Round "?"]
[White "Zarges, Ron V."]
[Black "McLaughlin, Ed"]
[Result "1-0"]
[WhiteElo "1651"]
[BlackElo "1561"]

1. c4 c5 2. Nf3 Nf6 3. d4 cxd4 4. Nxd4 Nc6 5. Nc3 g6 6. e4 d6 7. Nc2 Bg7 
8. Be2 O-O 9. O-O b6 10. Bg5 Bb7 11. Qd2 Rc8 12. f3 Ne5 13. Ne3 h6 14. Bh4
g5 15. Bf2 Ba6 16. b3 Ng6 17. g3 Bb7 18. Nf5 Ne8 19. Nxg7 Nxg7 20. Rfd1 f5
21. exf5 Rxf5 22. Bd3 Rf6 23. Bxg6 Rxg6 24. Qd3 Rf6 25. Ne4 Rf7 26. Bd4 
Qf8 27. Rf1 Ne6 28. Bb2 Nc5 29. Qd4 Kh7 30. Nxc5 Rxc5 31. Qd3+ Kg8 32. 
Qg6+ Rg7 33. Bxg7 Qxg7 34. Qxg7+ Kxg7 35. Rad1 Ra5 36. Rde1 Kf6 37. Rf2 
Rf5 38. f4 g4 39. Rfe2 e5 40. fxe5+ dxe5 41. Rd2 Ke7 42. Rf2 Bf3 43. Rxf3 
gxf3 44. Kf2 Kd6 45. Re3 Kc5 46. Rxf3 Rxf3+ 47. Kxf3 Kd4 48. Ke2 a5 49. g4
Ke4 50. a3 Kf4 51. h3 Ke4 52. b4 Kd4 53. bxa5 bxa5 54. h4 Kxc4 55. g5 Kd5 
56. gxh6 1-0

[Event " NA Class A Server Championship, S40109"]
[Site "CCLA"]
[Date "2014.04.30"]
[Round "?"]
[White "Ramsden, Jim E."]
[Black "Bapple, Edward C."]
[Result "0-1"]
[WhiteElo "1836"]
[BlackElo "1979"]

1. e4 c5 2. Nf3 g6 3. c4 Nc6 4. d4 cxd4 5. Nxd4 Nf6 6. Nc3 d6 7. Nc2 Bg7 
8. Be2 O-O 9. O-O Nd7 10. Bd2 a5 11. Na4 Nb6 12. Nc3 f5 13. Qc1 fxe4 14. 
Nxe4 Bf5 15. Ng3 Bxc2 16. Qxc2 Nd4 17. Qc1 Nxe2+ 18. Nxe2 Qc8 19. Bh6 Qxc4
20. Qxc4+ Nxc4 21. Bxg7 Kxg7 22. b3 Ne5 23. Rac1 Rac8 24. Nd4 Rxc1 25. 
Rxc1 Rxf2 26. Rc7 Rd2 27. Nb5 Kf6 28. Rxb7 Rxa2 29. Nc3 Rc2 30. Nd5+ Ke6 
31. Nxe7 Ng4 32. g3 Nxh2 33. Ng8 Nf3+ 34. Kh1 Rh2# 0-1

[Event "Winter Server Series, S40021"]
[Site "CCLA"]
[Date "2014.01.27"]
[Round "?"]
[White "Disque, Philip"]
[Black "Bapple, Edward C."]
[Result "0-1"]
[WhiteElo "1669"]
[BlackElo "1979"]

1. Nf3 c5 2. c4 g6 3. e4 Bg7 4. d4 cxd4 5. Nxd4 Nc6 6. Be3 Nf6 7. Nc3 O-O 
8. Be2 d6 9. O-O Nxd4 10. Bxd4 b6 11. Qd2 Bb7 12. f3 Qc7 13. Rac1 Rfc8 14.
 Rfd1 Qd8 15. Be3 Bc6 16. b4 Nd7 17. Bh6 Bxh6 18. Qxh6 Qf8 19. Qxf8+ Kxf8 
20. a4 a5 21. b5 Bb7 22. f4 Nc5 23. e5 dxe5 24. fxe5 Rd8 25. Kf2 Nd7 26. 
Nd5 Bxd5 27. Rxd5 Nc5 28. Rxd8+ Rxd8 29. Rd1 Ke8 30. Rxd8+ Kxd8 31. Bd1 
Nd3+ 32. Ke3 Nxe5 33. Kd4 Nd7 34. Kd5 Kc7 35. Bc2 e6+ 36. Kd4 f5 37. Bd1 
Kd6 38. Bc2 e5+ 39. Kc3 Kc5 40. Bd1 Nf6 41. Be2 Ne4+ 42. Kb3 Kd4 43. Kc2 
Nc5 0-1